000
00366nam a2200145Ia 4500
008
231129s1992||||xx |||||||||||||| ||spa||
020
_a
84-7509-810-X
040
_b
spa
082
_a
320.56 W642e
100
_a
Wieviorka Michel
245
0
_a
El espacio del racismo
260
_c
1992
264
_a
Paidos
942
_2
ddc
_c
BKS
999
_c
10997
_d
10997